01648nam a2200385 u 450000100070000000500170000700800410002403500110006504000130007604100080008908000060009710000460010324501070014926000430025630000140029952002770031365000180059065000320060865000430064065000390068365000340072265000380075665000330079465000330082765000400086070000470090070000490094770000450099670000500104194200100109199900190110150200120112052600080113295201220114095175120260506155750.0051025s1999 ||||||m| spa  a951751 ccomduadb aspa aD10aJaramillo Mejia, Martha4auteaut940770410aEstimulación adecuada : una alternativa de vida sana para el niño plurideficiente entre 0 - 6 anos aMedellín :b[sin publicador],c1999. a280 hojas3 aEl proyecto presenta un modelo pedagógico de atención al limitado sensorial del programa estimulación adecuada con el fin de brindar apoyo pedagógico a las demandas de esta población y que le posibilitan un desempeño armónico dentro del entorno que le rodea. aCiegos916430 aSordos - Educación978729 aParálisis cerebral en niños922599 7aEducación especial2armarc91716 aModelos pedagógicos9175583 aRetardo mental en niños9173734 aInterdisciplinariedad930749 aLegislacion educativa932012 aLicenciatura en Educación918108810aMora Uribe, Nubia Stella4auteaut940770510aMuñoz Montoya, Dora Lexi4auteaut940770610aRamirez Albanes, Libia4auteaut940770710aRamírez Ramírez, Myriam4thseths9478074 cTESIS c365695d365695 b145c15 a147 001040708GENERALaCEDEDbCEDEDd2005-10-25iC886332l0oD/0096p0590867r2023-04-26 00:00:00t1w2023-04-26yTESIS